Burman v Mount Cook Land Ltd (Record no. 69663)

MARC details
000 -LEADER
fixed length control field 01235cam a2200241 4500
001 - CONTROL NUMBER
control field ABS65168
008 - FIXED-LENGTH DATA ELEMENTS--GENERAL INFORMATION
fixed length control field 020304n2002 000 0 eng u
035 ## - SYSTEM CONTROL NUMBER
System control number (Sirsi) u116958
245 ## - TITLE STATEMENT
Title Burman v Mount Cook Land Ltd
260 ## - PUBLICATION, DISTRIBUTION, ETC.
Date of publication, distribution, etc. 2002
490 ## - SERIES STATEMENT
Series statement Estates Gazette
Volume/sequential designation [2002] 06 EG 156-163(8)
520 ## - SUMMARY, ETC.
Summary, etc. CA 20 November 2001. Tenant (B) issued a notice on 9 October 1999 claiming a new lease under Leasehold Reform, Housing and Urban Development Act 1993 s42, proposing a premium of £110 000. Landlord(M) issued a counternotice proposing a premium of £175 000. B appealed against the CC's decision, which dismissed his claim that M's counternotice was invalid, as it had failed to admit B's claim to a new lease, as required by s45(2)(a) of 1993 Act. CA held that counternotice was invalid, overturning CC's ruling. Appeal allowed.
590 ## - LOCAL NOTE (RLIN)
Local note ABS
650 ## - SUBJECT ADDED ENTRY--TOPICAL TERM
Topical term or geographic name entry element BURMAN V MOUNT COOK LAND LTD
650 ## - SUBJECT ADDED ENTRY--TOPICAL TERM
Topical term or geographic name entry element NEW LEASE
650 ## - SUBJECT ADDED ENTRY--TOPICAL TERM
Topical term or geographic name entry element LEASEHOLD REFORM, HOUSING AND URBAN DEVELOPMENT ACT 1993 S42
650 ## - SUBJECT ADDED ENTRY--TOPICAL TERM
Topical term or geographic name entry element PREMIUMS
650 ## - SUBJECT ADDED ENTRY--TOPICAL TERM
Topical term or geographic name entry element NOTICES
650 ## - SUBJECT ADDED ENTRY--TOPICAL TERM
Topical term or geographic name entry element LEASEHOLD ENFRANCHISEMENT
650 ## - SUBJECT ADDED ENTRY--TOPICAL TERM
Topical term or geographic name entry element LEASEHOLD REFORM, HOUSING AND URBAN DEVELOPMENT ACT 1993 S45
690 ## - LOCAL SUBJECT ADDED ENTRY--TOPICAL TERM (OCLC, RLIN)
Topical term or geographic name as entry element LANDLORD AND TENANT-LEASES-CASE LAW
942 ## - ADDED ENTRY ELEMENTS (KOHA)
Suppress in OPAC 0
Holdings
Withdrawn status Lost status Source of classification or shelving scheme Damaged status Not for loan Home library Current library Shelving location Date acquired Total Checkouts Full call number Barcode Date last seen Copy number Price effective from Koha item type
    Dewey Decimal Classification     London London Journal article 04/03/2002   ABS65168 116958-1001 06/08/2019 1 06/08/2019 Law report